000 01345cab a2200193 4500
001 ABS39991
008 090401t1988 xxu||||| |||| 00| 0 eng d
035 _a(Sirsi) u20488
041 _aeng
245 _aYe Olde Cheshire Cheese Ltd v Daily Telegraph plc and others
260 _c1988
350 _a0
490 _aWeekly Law Reports
_v(1988) WLR 1173-1180(8)
520 _aChD 4 May 1988 An originating summons brought by the tenant Ye Olde Cheshire Cheese (C) against the landlords Daily Telegraph and others (D) under Landlord and Tenant Act 1954 claiming a new tenancy of two cellars beneath premises adjoining C. The issue was whether the cellars were protected as business premises under Part II of the 1954 Act or whether they were excluded by section 43 by reason of being licensed premises . ChD held that the two cellars were included in a tenancy of part of the premises which were licensed since they were part of the Cheshire Cheese licence. The Cheshire Cheese was structurally adapted as a restaurant . It was conceded that a substantial proportion of business was attributable to non-alcoholic sales. Accordingly, the cellars were protected by the Landlord and Tenant Act 1954 Part II .
650 _aBUSINESS TENANCIES
690 _aLANDLORD AND TENANT-CASE LAW-BUSINESS TENANCIES
942 _n0
948 _c04/03/1997
999 _c13725
_d13725